明治製品を当てろ!サドンデス - Statistics

General Stats
  • This quiz has been taken 318 times
  • The average score is 5 of 20
Answers on the Grid
Answers color-coded by a green-red scale on the quiz's grid according to % correct below.
ミルクチョコレート
ガーナミルク
コアラのマーチ
きのこの山
たけのこの里
ガルボチョコ
チョコレート効果
キシリトールガム
メルティーキッス
小枝
クーリッシュ
たべっ子どうぶつ
アポロ
コーヒービート
メガシャキ
ザバス
速攻元気
一本満足バー
チョコボール
ダース
スーパーカップ
堅あげポテト
カレ・ド・ショコラ
果汁グミ
アイスボックス
ブルガリアフローズンヨーグルト
おいしい牛乳
ポイフル
キットカット
プリッツ
トッポ
ポッキー
うずまきソフト
ヨーロピアンシュガーコーン
カール
パイの実
アイスの実
フィットチーネグミ
アルフォート
銀座カリー
ルマンド
北海道十勝6Pチーズ
プロビオヨーグルトR‐1
LOOK
カントリーマアム
inゼリー
カロリーメイト
マウントレーニア
 
Answer Stats
Answer % Correct
ミルクチョコレート
66%
きのこの山
61%
たけのこの里
61%
おいしい牛乳
41%
アポロ
37%
チョコレート効果
29%
メルティーキッス
29%
スーパーカップ
29%
果汁グミ
27%
ブルガリアフローズンヨーグルト
27%
カール
18%
プロビオヨーグルトR‐1
15%
ガルボチョコ
13%
コーヒービート
13%
北海道十勝6Pチーズ
11%
ポイフル
10%
ザバス
7%
うずまきソフト
6%
銀座カリー
5%
速攻元気
3%
No matching quizzes found
Score Distribution
Percent of People with Each Score
Percentile by Number Answered
Your Score History
You have not taken this quiz